|
|
|
|
| LEADER |
00000nam a22000007a 4500 |
| 005 |
20150515001929.0 |
| 007 |
cr|||| |||| |
| 008 |
150514s2015 es |||||s|||| 00||0 spa d |
| 020 |
|
|
|a 978-84-9085-331-3
|
| 035 |
|
|
|a 12682
|
| 040 |
|
|
|a vLex
|
| 090 |
|
|
|c 5418
|d 5418
|
| 100 |
1 |
|
|a Sǹchez Martn̕ez, Mara̕ Olga
|
| 245 |
1 |
3 |
|a La Convencin̤ Internacional sobre los Derechos de las Personas con Discapacidad...
|h [Recurso electrn̤ico] /
|c Mara̕ Olga Sǹchez Martn̕ez, Jos ̌Ignacio Solar Cayn̤
|
| 256 |
|
|
|a Servicio en ln̕ea
|
| 260 |
|
|
|a Madrid:
|b Dykinson,
|c 2015
|
| 300 |
|
|
|a 1 recurso electrn̤ico
|
| 500 |
|
|
|a Propuestas de Reforma Legislativa.
|
| 506 |
1 |
|
|a Disponible solo en los productos indicados
|d vLex Global
|d vLex Global (Academic Edition, excluding Law Schools)
|d vLex Global (U.S. Academic Edition, Law Schools)
|d vLex Global (U.S. Academic Edition, excluding Law Schools)
|d vLex Global (Academic Edition, Law Schools)
|
| 650 |
0 |
4 |
|a Derecho Internacional
|z Espaą
|
| 700 |
1 |
|
|a Solar Cayn̤, Jos ̌Ignacio
|
| 740 |
0 |
|
|a vLex Libros (Servicio en ln̕ea)
|
| 856 |
4 |
0 |
|u http://vlex.com/source/convencion-internacional-derechos-personas-discapacidad-12682
|z Acceso restringido
|
| 942 |
|
|
|c BOOK
|
| 999 |
0 |
|
|a International Law
|